Antología crítica de la dramaturgia anarquista en Chile
Gardado en:
| Autor Principal: | |
|---|---|
| Formato: | Libro |
| Idioma: | Lingua castelá |
| Publicado: |
Santiago
Universidad de Santiago de Chile
2005
|
| Edición: | 1a. ed |
| Subjects: | |
| Tags: |
Engadir etiqueta
Sen Etiquetas, Sexa o primeiro en etiquetar este rexistro!
|
MARC
| LEADER | 00000nam a2200000 a 4500 | ||
|---|---|---|---|
| 001 | UCK8191 | ||
| 003 | CL-VaPUC | ||
| 008 | 060303e20050000CL |||||||||||||||||spa|d | ||
| 020 | |a 9563030176 | ||
| 082 | 0 | 4 | |a Ch862.9 |b PER |2 21 |
| 100 | 0 | |a Pereira Poza, Sergio |e author |9 498028 | |
| 245 | 1 | 0 | |a Antología crítica de la dramaturgia anarquista en Chile |
| 250 | |a 1a. ed | ||
| 300 | |a 358 p | ||
| 942 | |c BK | ||
| 945 | |d 20060303 00:00:00 |a cmena | ||
| 260 | |a Santiago |b Universidad de Santiago de Chile |c 2005 | ||
| 650 | 7 | |a DRAMA CHILENO |2 CL-VaPUC |9 269279 | |
| 650 | 0 | |a Crítica e interpretación literaria |9 266284 | |
| 650 | 0 | |a Teatro chileno |9 266701 | |
| 650 | 0 | |a Anarquismo |9 269177 | |
| 650 | 7 | |a FILOSOFIA POLITICA |2 CL-VaPUC |9 498030 | |
| 650 | 0 | |a Desarrollo cultural |9 267526 | |
| 583 | |a last modification |c 20060303 00:00:00 |k Rodrigo Vera | ||
| 999 | |c 315985 |d 315983 | ||
| 952 | |0 0 |1 0 |4 0 |6 CH_862_900000000000000_PER_2005 |7 0 |8 A |9 389911 |a FDOPOS |b FDOPOS |d 2019-11-22 |i 4208617 |o Ch862.9 PER 2005 |p 4208617 |r 2025-01-22 |w 2019-11-22 |y BK |k MLH | ||